000 00831nam a2200253 i 4500
003 DO-SdBNP
005 20250508084829.0
007 ta
008 250508t201u dr d 000 0 spa d
040 _aDO-SdBNP
_bspa
_cBNPHU
_erda
082 _axxx
_bC153
_222
245 0 0 _aCalidad del gasto educativo en la República Dominicana :
_bun análisis exploratorio desde la vigencia del 4% /
264 1 _aSanto Domingo :
_bEDUCA,
_c[201-].
300 _a141 páginas
_bgraficas
_c28 cm.
336 _atexto
_btxt
_2rdacontent
337 _asin mediación
_bn
_2rdamedia
338 _avolumen
_bnc
_2rdacarrier
500 _aIncluye listado de siglas y acrónimos.
500 _aIncluye códigos de provincias.
504 _aBibliografía p: 135-140.
590 _aInventariado, 2025/ YL
910 _aYLockward
942 _2ddc
_cLBS1
999 _c58962
_d58962